[Event "SV Bergneustadt/Derschlag 1 - Düsseldo"]
[Site "NRW-Liga - Gruppe 1 2019/2020"]
[Date "2020.01.26"]
[Round "5.3"]
[White "von Buenau, Heinrich"]
[Black "Stuemer, Paul"]
[Result "1-0"]
[WhiteElo "2154"]
[BlackElo "2028"]
[PlyCount "65"]
[EventDate "2020.??.??"]
[SourceVersionDate "2020.03.16"]
[WhiteTeam "Düsseldorfer SK 2"]
[BlackTeam "SV Bergneustadt/Derschlag 1"]

1. Nf3 Nf6 2. c4 g6 3. b3 Bg7 4. Bb2 O-O 5. g3 d6 6. d4 Nbd7 7. Bg2 c5 8. O-O
Rb8 9. Nc3 a6 10. a4 cxd4 11. Nxd4 Nc5 12. Ra3 Bd7 13. h3 Qc8 14. Kh2 Ne6 15.
e3 Ng5 16. h4 Ne6 17. Qe2 Re8 18. Rd1 Nxd4 19. exd4 e5 20. dxe5 Ng4+ 21. Kg1
Bxe5 22. Qd2 Bf5 23. Ra2 Qc5 24. Nd5 Bxb2 25. Rxb2 Re5 26. Bf3 Kg7 27. Nf4 b5
28. cxb5 axb5 29. a5 b4 30. a6 Nf6 31. Rc1 Qa7 32. Qxd6 Ra5 33. Bb7 1-0

[Event "SV Bergneustadt/Derschlag 1 - Düsseldo"]
[Site "NRW-Liga - Gruppe 1 2019/2020"]
[Date "2020.01.26"]
[Round "5.4"]
[White "Chlechowitz, Frank"]
[Black "Berndt, Axel"]
[Result "1-0"]
[WhiteElo "2138"]
[BlackElo "2079"]
[PlyCount "155"]
[EventDate "2020.??.??"]
[SourceVersionDate "2020.03.16"]
[WhiteTeam "SV Bergneustadt/Derschlag 1"]
[BlackTeam "Düsseldorfer SK 2"]

1. e4 Nf6 2. Nc3 d5 3. exd5 Nxd5 4. Bc4 e6 5. Qf3 Nb4 6. Bb3 N8c6 7. d3 Nd4 8.
Qd1 Bd7 9. Nge2 Nxb3 10. axb3 Bc6 11. O-O Be7 12. Be3 b6 13. Nd4 Bb7 14. Ra4
O-O 15. Qd2 c5 16. Nde2 Qd7 17. Ng3 Nd5 18. Nxd5 Qxd5 19. f3 a6 20. Ne4 Rfd8
21. Qf2 Rac8 22. Re1 Qc6 23. Raa1 b5 24. Ra5 c4 25. bxc4 Bb4 26. Bd2 Bxa5 27.
Bxa5 Re8 28. c5 Re7 29. Nd6 Qxc5 30. Nxc8 Qxf2+ 31. Kxf2 Bxc8 32. Re5 Re8 33.
Rc5 e5 34. Rc7 f6 35. c4 Bf5 36. Ke3 bxc4 37. dxc4 Rc8 38. Rxc8+ Bxc8 39. Kd3
Kf7 40. Kc3 Ke6 41. Bb4 f5 42. Bf8 g5 43. Kb4 e4 44. fxe4 fxe4 45. Kc5 e3 46.
Kb6 e2 47. Bb4 Ke5 48. c5 Kd5 49. Be1 Bd7 50. b4 Bb5 51. g3 h5 52. h3 g4 53. h4
Ba4 54. Kxa6 Kc6 55. Ka5 Bb5 56. Bf2 Bd3 57. Ka4 Bc4 58. Ka3 Kb5 59. Be1 Bf7
60. Kb2 Bd5 61. Kc3 Kc6 62. Kd3 Bf3 63. Ke3 Kb5 64. Bd2 Kc6 65. Kd4 Kb5 66. Be1
Bc6 67. Ke5 Be8 68. Kf4 Bc6 69. Bd2 Kc4 70. Kg5 Be8 71. c6 Kd3 72. Be1 Kc2 73.
c7 Bd7 74. Kxh5 Kd1 75. Bf2 e1=Q 76. Bxe1 Kxe1 77. Kg5 Ke2 78. Kf4 1-0

[Event "SV Bergneustadt/Derschlag 1 - Düsseldo"]
[Site "NRW-Liga - Gruppe 1 2019/2020"]
[Date "2020.01.26"]
[Round "5.5"]
[White "Partenheimer, Axel"]
[Black "Wang, Andre"]
[Result "1/2-1/2"]
[WhiteElo "2067"]
[BlackElo "1992"]
[PlyCount "89"]
[EventDate "2020.??.??"]
[SourceVersionDate "2020.03.16"]
[WhiteTeam "Düsseldorfer SK 2"]
[BlackTeam "SV Bergneustadt/Derschlag 1"]

1. Nf3 d5 2. g3 Nf6 3. Bg2 e6 4. O-O Be7 5. d4 O-O 6. c4 Nbd7 7. Qc2 c6 8. Nbd2
Re8 9. b3 Nf8 10. Bb2 Ng6 11. Rfd1 Bd6 12. e4 Nxe4 13. Nxe4 dxe4 14. Qxe4 Qc7
15. Rd2 Bd7 16. Rad1 Rad8 17. c5 Bf8 18. b4 a5 19. a3 Ne7 20. Ng5 Ng6 21. h4 f5
22. Qe2 h6 23. Nf3 axb4 24. axb4 Ne7 25. Ne5 Nd5 26. Qc4 Be7 27. Re2 Bf6 28.
Rde1 Bxe5 29. Rxe5 b5 30. Qb3 Ra8 31. Bc1 Ra4 32. Bxd5 cxd5 33. Bf4 Qc6 34.
R5e3 Rea8 35. Be5 Ra1 36. Qc2 R8a2 37. Qd3 Qa8 38. Qc3 Ra3 39. Rxa1 Rxa1+ 40.
Re1 Ra3 41. Qd2 Qa4 42. Rc1 Ra1 43. Rxa1 Qxa1+ 44. Kg2 Bc6 45. Bf4 1/2-1/2

[Event "SV Bergneustadt/Derschlag 1 - Düsseldo"]
[Site "NRW-Liga - Gruppe 1 2019/2020"]
[Date "2020.01.26"]
[Round "5.6"]
[White "Michalik, Friedhelm"]
[Black "Kesseler, Heiko"]
[Result "1-0"]
[WhiteElo "2013"]
[BlackElo "2044"]
[PlyCount "61"]
[EventDate "2020.??.??"]
[SourceVersionDate "2020.03.16"]
[WhiteTeam "SV Bergneustadt/Derschlag 1"]
[BlackTeam "Düsseldorfer SK 2"]

1. d4 Nf6 2. Nf3 e6 3. e3 Be7 4. Nbd2 d5 5. b3 O-O 6. Bd3 Nbd7 7. Bb2 b6 8. O-O
Bb7 9. Ne5 c5 10. f4 Ne4 11. Rf3 c4 12. bxc4 f5 13. cxd5 Nxe5 14. fxe5 Ng5 15.
Rg3 Qxd5 16. c4 Qd7 17. Qh5 g6 18. Rxg5 Kh8 19. Rxg6 Rg8 20. Rxg8+ Rxg8 21. d5
Rg5 22. Qf3 Qd8 23. e4 Bc5+ 24. Kh1 Bb4 25. Nb3 Kg8 26. Nd4 fxe4 27. Bxe4 exd5
28. cxd5 Bc8 29. Rf1 Rg7 30. d6 h6 31. Nc6 1-0

[Event "SV Bergneustadt/Derschlag 1 - Düsseldo"]
[Site "NRW-Liga - Gruppe 1 2019/2020"]
[Date "2020.01.26"]
[Round "5.7"]
[White "Gaul, Alexander"]
[Black "Linnenborn, Guido"]
[Result "1-0"]
[WhiteElo "1924"]
[BlackElo "1860"]
[PlyCount "35"]
[EventDate "2020.??.??"]
[SourceVersionDate "2020.03.16"]
[WhiteTeam "Düsseldorfer SK 2"]
[BlackTeam "SV Bergneustadt/Derschlag 1"]

1. d4 Nf6 2. c4 g6 3. h4 d5 4. cxd5 c6 5. dxc6 Nxc6 6. e3 e5 7. dxe5 Qxd1+ 8.
Kxd1 Ng4 9. Nh3 Bf5 10. f4 O-O-O+ 11. Ke2 Bd3+ 12. Ke1 Nb4 13. Na3 Bc5 14. Bd2
Nxe3 15. Rc1 Nbc2+ 16. Nxc2 Nxf1 17. Rxf1 Bxf1 18. Ne3 1-0

[Event "SV Bergneustadt/Derschlag 1 - Düsseldo"]
[Site "NRW-Liga - Gruppe 1 2019/2020"]
[Date "2020.01.26"]
[Round "5.8"]
[White "Heitmann, Sebastian"]
[Black "Rudolph, Eva"]
[Result "1-0"]
[WhiteElo "1967"]
[BlackElo "1889"]
[PlyCount "117"]
[EventDate "2020.??.??"]
[SourceVersionDate "2020.03.16"]
[WhiteTeam "SV Bergneustadt/Derschlag 1"]
[BlackTeam "Düsseldorfer SK 2"]

1. d4 d5 2. Nf3 Nf6 3. Bg5 e6 4. e3 Be7 5. c3 O-O 6. Nbd2 c5 7. Bd3 Nc6 8. Ne5
Nxe5 9. dxe5 Nd7 10. Bxe7 Qxe7 11. f4 f6 12. exf6 Rxf6 13. Qh5 g6 14. Qg5 Rf7
15. Qxe7 Rxe7 16. O-O e5 17. e4 d4 18. Nc4 Kg7 19. a4 exf4 20. Rxf4 Ne5 21.
Nxe5 Rxe5 22. cxd4 cxd4 23. Rc1 Re7 24. Rc4 Be6 25. Rxd4 Rc8 26. Rf1 Rd7 27.
Rxd7+ Bxd7 28. Ra1 Bc6 29. Kf2 Rd8 30. Ke3 Kf6 31. b4 Ke5 32. b5 Be8 33. Rc1
Kd6 34. Rc4 Rd7 35. e5+ Kd5 36. Rd4+ Kc5 37. Re4 Re7 38. Bc4 Bd7 39. e6 Bc8 40.
Ba2 Kd6 41. Kd4 b6 42. Rf4 Bxe6 43. Rf6 Re8 44. Bd5 Re7 45. g4 Kd7 46. Bxe6+
Rxe6 47. Rf7+ Kd6 48. Rxh7 Rf6 49. Ke3 Re6+ 50. Kf4 Re2 51. h4 Rb2 52. Rxa7
Rb4+ 53. Kg5 Kd5 54. Rd7+ Kc5 55. Rc7+ Kd5 56. Rc6 Rxa4 57. Rxb6 Rb4 58. Rxg6
Rxb5 59. Rf6 1-0

[Event "SG Niederkassel 1 - Düsseldorfer SK 2"]
[Site "NRW-Liga - Gruppe 1 2019/2020"]
[Date "2020.02.16"]
[Round "6.1"]
[White "Harff, Marcel"]
[Black "Grimm, Sascha"]
[Result "1/2-1/2"]
[WhiteElo "2335"]
[BlackElo "2266"]
[PlyCount "52"]
[EventDate "2020.??.??"]
[SourceVersionDate "2020.03.16"]
[WhiteTeam "Düsseldorfer SK 2"]
[BlackTeam "SG Niederkassel 1"]

1. c4 Nf6 2. Nf3 g6 3. b4 Bg7 4. Bb2 O-O 5. d3 c6 6. Nbd2 d5 7. a4 Na6 8. Qb3
c5 9. bxc5 Nxc5 10. Qa3 b6 11. cxd5 Qxd5 12. e3 Ba6 13. d4 Bxf1 14. Kxf1 Nce4
15. Qd3 Rfc8 16. Nxe4 Nxe4 17. Ke2 Rc7 18. Rhc1 Rac8 19. Rxc7 Rxc7 20. Ne1 Nd6
21. f3 f5 22. g3 Rc4 23. Ra3 Rb4 24. Bc3 Rb3 25. Rxb3 Qxb3 26. a5 Qa2+ 1/2-1/2

[Event "SG Niederkassel 1 - Düsseldorfer SK 2"]
[Site "NRW-Liga - Gruppe 1 2019/2020"]
[Date "2020.02.16"]
[Round "6.2"]
[White "Schienmann, Bruno"]
[Black "Reinke, Markus"]
[Result "1-0"]
[WhiteElo "2219"]
[BlackElo "2195"]
[PlyCount "87"]
[EventDate "2020.??.??"]
[SourceVersionDate "2020.03.16"]
[WhiteTeam "SG Niederkassel 1"]
[BlackTeam "Düsseldorfer SK 2"]

1. d4 g6 2. c4 Nf6 3. Nc3 Bg7 4. e4 d6 5. f3 O-O 6. Be3 c5 7. d5 e6 8. Nge2
exd5 9. cxd5 a6 10. a4 Nbd7 11. Ng3 h5 12. Be2 h4 13. Nf1 Nh7 14. f4 Re8 15.
Qd3 Qa5 16. Nd2 b5 17. O-O c4 18. Qc2 b4 19. Nxc4 Qc7 20. Nd1 b3 21. Qxb3 Rxe4
22. Rc1 Rb8 23. Qa3 Bf8 24. Bd3 Re8 25. f5 g5 26. f6 Ndxf6 27. Bxh7+ Nxh7 28.
Ne5 Qb7 29. Nc6 Ra8 30. Qd3 Bg4 31. b4 Bh5 32. Qd2 Bh6 33. Nb2 Rac8 34. Nc4
Rxc6 35. dxc6 Qxc6 36. Nxd6 Qxa4 37. Nxe8 Qxe8 38. Bc5 h3 39. gxh3 Qe6 40. Qe3
Qg6 41. Rc3 Bg7 42. Rd3 Bf6 43. Rd6 g4 44. h4 1-0

[Event "SG Niederkassel 1 - Düsseldorfer SK 2"]
[Site "NRW-Liga - Gruppe 1 2019/2020"]
[Date "2020.02.16"]
[Round "6.3"]
[White "von Buenau, Heinrich"]
[Black "Rybarczyk, Klaus"]
[Result "1/2-1/2"]
[WhiteElo "2146"]
[BlackElo "2174"]
[Annotator "Daniel"]
[PlyCount "43"]
[EventDate "2020.??.??"]
[SourceVersionDate "2020.03.16"]
[WhiteTeam "Düsseldorfer SK 2"]
[BlackTeam "SG Niederkassel 1"]

1. d4 Nf6 2. Nf3 g6 3. g3 Bg7 4. Bg2 O-O 5. O-O d6 6. c4 Nc6 7. b3 a6 8. Bb2
Rb8 9. h3 b5 10. Nbd2 Nd7 11. Qc1 Na5 12. Rb1 bxc4 $11 13. Nxc4 Nxc4 14. Qxc4
c5 15. dxc5 Nxc5 16. Bxg7 Kxg7 17. Nd4 Rb6 18. Rbc1 Kg8 19. Rfd1 Bd7 20. Rd2 a5
21. Qc3 Rb8 22. Bc6 1/2-1/2

[Event "SG Niederkassel 1 - Düsseldorfer SK 2"]
[Site "NRW-Liga - Gruppe 1 2019/2020"]
[Date "2020.02.16"]
[Round "6.4"]
[White "Stanetzek, Carsten"]
[Black "Berndt, Axel"]
[Result "1-0"]
[WhiteElo "2132"]
[BlackElo "2079"]
[Annotator "Daniel"]
[PlyCount "57"]
[EventDate "2020.??.??"]
[SourceVersionDate "2020.03.16"]
[WhiteTeam "SG Niederkassel 1"]
[BlackTeam "Düsseldorfer SK 2"]

1. e4 Nf6 2. e5 Nd5 3. d4 d6 4. c4 Nb6 5. exd6 cxd6 6. Nc3 g6 7. Be3 Bg7 8. Rc1
O-O 9. b3 Bf5 10. Be2 e5 11. dxe5 dxe5 12. c5 N6d7 13. Nf3 Nc6 14. O-O Nf6 15.
Nb5 Qe7 16. Qd6 Ne4 17. Qxe7 Nxe7 18. Rfd1 Rfd8 19. Ng5 h6 20. Nxe4 Bxe4 21.
Rxd8+ Rxd8 22. Nxa7 Nf5 $11 23. Nb5 Nxe3 24. fxe3 Rd2 25. Bf3 Bxf3 26. gxf3
Rxa2 27. Nd6 Ra7 28. b4 Bf8 29. b5 1-0

[Event "SG Niederkassel 1 - Düsseldorfer SK 2"]
[Site "NRW-Liga - Gruppe 1 2019/2020"]
[Date "2020.02.16"]
[Round "6.5"]
[White "Partenheimer, Axel"]
[Black "Mauelshagen, Martin"]
[Result "1/2-1/2"]
[WhiteElo "2083"]
[BlackElo "2105"]
[PlyCount "42"]
[EventDate "2020.??.??"]
[SourceVersionDate "2020.03.16"]
[WhiteTeam "Düsseldorfer SK 2"]
[BlackTeam "SG Niederkassel 1"]

1. Nf3 Nf6 2. c4 e6 3. g3 b6 4. Bg2 Bb7 5. O-O Be7 6. Nc3 O-O 7. d4 d5 8. Ne5
Qc8 9. cxd5 Nxd5 10. Nxd5 Bxd5 11. e4 Bb7 12. Be3 Nd7 13. Nxd7 Qxd7 14. Rc1
Rac8 15. Qg4 f5 16. exf5 exf5 17. Qh3 Bxg2 18. Qxg2 Rfd8 19. Qc6 Qxc6 20. Rxc6
Rd6 21. Rc4 Bf6 1/2-1/2

[Event "SG Niederkassel 1 - Düsseldorfer SK 2"]
[Site "NRW-Liga - Gruppe 1 2019/2020"]
[Date "2020.02.16"]
[Round "6.6"]
[White "Broehl, Stephan"]
[Black "Gaul, Alexander"]
[Result "1/2-1/2"]
[WhiteElo "2093"]
[BlackElo "1924"]
[PlyCount "43"]
[EventDate "2020.??.??"]
[SourceVersionDate "2020.03.16"]
[WhiteTeam "SG Niederkassel 1"]
[BlackTeam "Düsseldorfer SK 2"]

1. e4 c5 2. Nf3 e6 3. d4 cxd4 4. Nxd4 a6 5. Nc3 Qc7 6. Be2 b5 7. Bf3 Bb7 8. O-O
d6 9. Re1 Be7 10. a4 bxa4 11. Nxa4 Nd7 12. b3 Rc8 13. c4 Ngf6 14. g3 Nc5 15.
Nxc5 dxc5 16. Nc2 O-O 17. Bf4 Qb6 18. e5 Rfd8 19. Qe2 Nd7 20. Bxb7 Qxb7 21. Qe4
Qxe4 22. Rxe4 1/2-1/2

[Event "SG Niederkassel 1 - Düsseldorfer SK 2"]
[Site "NRW-Liga - Gruppe 1 2019/2020"]
[Date "2020.02.16"]
[Round "6.7"]
[White "Piekorz, Roland"]
[Black "Freundlieb, Thomas"]
[Result "1-0"]
[WhiteElo "1927"]
[BlackElo "2029"]
[PlyCount "133"]
[EventDate "2020.??.??"]
[SourceVersionDate "2020.03.16"]
[WhiteTeam "Düsseldorfer SK 2"]
[BlackTeam "SG Niederkassel 1"]

1. c4 d6 2. Nc3 e5 3. g3 f5 4. Bg2 Nf6 5. e3 c6 6. d3 Be7 7. Nge2 O-O 8. O-O
Be6 9. b3 Nbd7 10. Bb2 Rc8 11. Qd2 Bf7 12. d4 e4 13. f3 d5 14. cxd5 cxd5 15. f4
Bb4 16. Rac1 Bh5 17. Rc2 Qb6 18. Rfc1 Rc6 19. Bf1 Rfc8 20. a3 Bf8 21. b4 Qd8
22. Na4 Nb6 23. Rxc6 bxc6 24. Nxb6 axb6 25. h3 b5 26. Qc2 Nd7 27. a4 bxa4 28.
Qxa4 Nb6 29. Qb3 Nc4 30. Kf2 Nd2 31. Qa4 Nxf1 32. Kxf1 Bxe2+ 33. Kxe2 Qb6 34.
Bc3 Rc7 35. Bd2 Bd6 36. Rc2 Kf7 37. Kf2 Ke6 38. Qa8 Kd7 39. Qg8 Qb5 40. Qxg7+
Ke6 41. Qh6+ Ke7 42. Qxh7+ Ke6 43. Qg6+ Ke7 44. g4 Qa4 45. Rc1 Bxb4 46. Qg7+
Kd8 47. Qg8+ Kd7 48. Qf7+ Kd8 49. Qg8+ Kd7 50. Bxb4 Qxb4 51. Qf7+ Kd8 52. Qf6+
Ke8 53. Qe6+ Kd8 54. Rc2 fxg4 55. hxg4 Qb3 56. Qd6+ Kc8 57. Rxc6 Rxc6 58. Qxc6+
Kb8 59. f5 Qa2+ 60. Kg3 Qe2 61. Qd6+ Kc8 62. Qf4 Qe1+ 63. Qf2 Qb4 64. f6 Kd8
65. f7 Qf8 66. Qf6+ Kd7 67. g5 1-0

[Event "SG Niederkassel 1 - Düsseldorfer SK 2"]
[Site "NRW-Liga - Gruppe 1 2019/2020"]
[Date "2020.02.16"]
[Round "6.8"]
[White "Schnellbacher, Jan Eric"]
[Black "Wiedenbruch, Paul"]
[Result "1/2-1/2"]
[WhiteElo "1916"]
[BlackElo "1942"]
[Annotator "Daniel"]
[PlyCount "106"]
[EventDate "2020.??.??"]
[SourceVersionDate "2020.03.16"]
[WhiteTeam "SG Niederkassel 1"]
[BlackTeam "Düsseldorfer SK 2"]

1. e4 c5 2. Nc3 a6 3. a4 Nc6 4. f4 g6 5. Nf3 Bg7 6. Bc4 e6 7. d3 Nge7 8. O-O d5
9. Bb3 d4 10. Ne2 O-O 11. Qe1 Bd7 12. Qh4 b5 13. axb5 axb5 14. Rxa8 Qxa8 15. f5
exf5 16. Bh6 fxe4 17. Bxg7 $11 exf3 18. Bxf8 Nf5 19. Bxf7+ Kxf8 20. Qxh7 fxe2
21. Qg8+ Ke7 22. Qxa8 exf1=Q+ 23. Kxf1 Kxf7 24. Qb7 Ne5 25. Qd5+ Kf6 26. Qxc5
Bc6 27. Kg1 Bd7 28. Qb6+ Kf7 29. Qc7 Ke6 30. Qd8 Bc6 31. Qg8+ Kf6 32. Qh8+ Ke6
33. Qc8+ Bd7 34. Qa6+ Kf7 35. Qb6 Kg7 36. c3 dxc3 37. bxc3 Kf7 38. Qb7 Ke6 39.
d4 Nc4 40. Qa6+ Nfd6 41. Qa8 Ke7 42. h3 Bf5 43. Qh8 Nf7 44. Qh4+ g5 45. Qe1+
Kf6 46. g4 Bg6 47. Qe8 Ncd6 48. Qc6 Be4 49. Qb6 Bd3 50. d5 Be4 51. Qd4+ Kg6 52.
Kh2 Bc2 53. Qe3 Be4 1/2-1/2

[Event "SC Rochade Emsdetten 1 - SV Bergneustad"]
[Site "NRW-Liga - Gruppe 1 2019/2020"]
[Date "2020.02.16"]
[Round "6.1"]
[White "Koellner, Aaron Noah"]
[Black "Kabatianski, Alexander"]
[Result "1-0"]
[WhiteElo "2146"]
[BlackElo "2308"]
[PlyCount "75"]
[EventDate "2020.??.??"]
[SourceVersionDate "2020.03.16"]
[WhiteTeam "SV Bergneustadt/Derschlag 1"]
[BlackTeam "SC Rochade Emsdetten 1"]

1. d4 e6 2. Nf3 Nf6 3. Bg5 h6 4. Bh4 d6 5. Nbd2 g5 6. Bg3 Nh5 7. e4 Bg7 8. c3
Nd7 9. Bc4 a6 10. a4 Qe7 11. Qe2 b6 12. Nf1 Bb7 13. N3d2 Nf4 14. Bxf4 gxf4 15.
g3 Qf6 16. Rg1 h5 17. Nf3 Kf8 18. N1d2 c5 19. Bd3 Ke7 20. Kf1 fxg3 21. hxg3 h4
22. gxh4 Bh6 23. Rd1 Rhg8 24. Rh1 Rg7 25. Nc4 Bf4 26. e5 dxe5 27. dxe5 Nxe5 28.
Ncxe5 Bxe5 29. Be4 Rag8 30. Bxb7 Bd6 31. Be4 Rg4 32. Bc6 Rf4 33. Qxa6 Rd8 34.
Qb7+ Kf8 35. Ke2 e5 36. Be4 Qh6 37. Rhg1 f5 38. Bd5 1-0

[Event "SC Rochade Emsdetten 1 - SV Bergneustad"]
[Site "NRW-Liga - Gruppe 1 2019/2020"]
[Date "2020.02.16"]
[Round "6.2"]
[White "De Groote, Ewoud"]
[Black "Koellner, Christof"]
[Result "1/2-1/2"]
[WhiteElo "2201"]
[BlackElo "2096"]
[PlyCount "136"]
[EventDate "2020.??.??"]
[SourceVersionDate "2020.03.16"]
[WhiteTeam "SC Rochade Emsdetten 1"]
[BlackTeam "SV Bergneustadt/Derschlag 1"]

1. d4 d6 2. Nf3 Nf6 3. c4 g6 4. Nc3 Bf5 5. Bg5 Bg7 6. e3 h6 7. Bh4 O-O 8. Nd2
c5 9. d5 Na6 10. Be2 Nc7 11. e4 Bd7 12. f4 Nh7 13. e5 Qe8 14. Nde4 dxe5 15.
fxe5 Bxe5 16. Nxc5 b6 17. Nd3 Bg7 18. Qd2 f5 19. O-O e5 20. dxe6 Bxe6 21. Nf4
g5 22. Nxe6 Nxe6 23. Bf2 Rd8 24. Nd5 Nf6 25. Bf3 Nf4 26. Rad1 N4xd5 27. Bxd5+
Kh8 28. Rfe1 Qh5 29. Bd4 Rde8 30. Qc3 Qg6 31. b4 Nxd5 32. cxd5 Bxd4+ 33. Qxd4+
Qg7 34. Qd3 Qf6 35. d6 Rxe1+ 36. Rxe1 Rd8 37. d7 Qf7 38. Qd6 Rxd7 39. Qxh6+ Kg8
40. Qxg5+ Kf8 41. Rf1 Rd5 42. g4 f4 43. Qxf4 Qxf4 44. Rxf4+ Kg7 45. a4 Rd2 46.
b5 Kg6 47. h4 Ra2 48. Kf1 Rh2 49. Ke1 Rxh4 50. Kf2 Rh3 51. Rd4 Ra3 52. Ke2 Kf6
53. Re4 Kg6 54. Kd2 Kg5 55. Kc2 Kf6 56. Rc4 Ke5 57. Kb2 Rg3 58. Rc7 Rxg4 59.
Rxa7 Kd6 60. Kc3 Rg3+ 61. Kd4 Rg4+ 62. Ke3 Kc5 63. Kf3 Rh4 64. Kg3 Re4 65. Kf3
Rh4 66. a5 bxa5 67. Rxa5 Kb6 68. Ra8 Kxb5 1/2-1/2

[Event "SC Rochade Emsdetten 1 - SV Bergneustad"]
[Site "NRW-Liga - Gruppe 1 2019/2020"]
[Date "2020.02.16"]
[Round "6.3"]
[White "Stuemer, Paul"]
[Black "Lehmann, Holger"]
[Result "1/2-1/2"]
[WhiteElo "2028"]
[BlackElo "2170"]
[Annotator "Daniel"]
[PlyCount "43"]
[EventDate "2020.??.??"]
[SourceVersionDate "2020.03.16"]
[WhiteTeam "SV Bergneustadt/Derschlag 1"]
[BlackTeam "SC Rochade Emsdetten 1"]

1. Nf3 g6 2. d4 Bg7 3. e4 c5 4. c3 b6 5. Bc4 Ba6 6. Qe2 Qc8 7. Na3 Bxc4 8. Nxc4
Nf6 9. O-O O-O 10. Re1 cxd4 11. Nxd4 d5 12. exd5 Nxd5 13. Ne5 Nd7 14. Ndf3 Nxe5
15. Nxe5 Qb7 16. Bd2 e6 17. c4 Nf6 $11 18. Bb4 Rfd8 19. Rad1 Rxd1 20. Rxd1 Qe4
21. Qxe4 Nxe4 22. Nd3 1/2-1/2

[Event "SC Rochade Emsdetten 1 - SV Bergneustad"]
[Site "NRW-Liga - Gruppe 1 2019/2020"]
[Date "2020.02.16"]
[Round "6.4"]
[White "Hiller, Simon"]
[Black "Chlechowitz, Frank"]
[Result "1/2-1/2"]
[WhiteElo "2141"]
[BlackElo "2138"]
[Annotator "Daniel"]
[PlyCount "35"]
[EventDate "2020.??.??"]
[SourceVersionDate "2020.03.16"]
[WhiteTeam "SC Rochade Emsdetten 1"]
[BlackTeam "SV Bergneustadt/Derschlag 1"]

1. Nf3 Nf6 2. c4 e6 3. g3 b6 4. Bg2 Bb7 5. O-O Be7 6. Nc3 O-O 7. Re1 Bb4 8. Qc2
a5 9. e4 Bxc3 10. bxc3 d6 11. d4 d5 12. e5 Ne4 13. cxd5 exd5 14. c4 Na6 $11 15.
Ba3 Nb4 16. Bxb4 axb4 17. cxd5 Nc3 18. h4 1/2-1/2

[Event "SC Rochade Emsdetten 1 - SV Bergneustad"]
[Site "NRW-Liga - Gruppe 1 2019/2020"]
[Date "2020.02.16"]
[Round "6.5"]
[White "Wang, Andre"]
[Black "Paalman, Henk-Jan"]
[Result "1-0"]
[WhiteElo "1992"]
[BlackElo "2140"]
[PlyCount "81"]
[EventDate "2020.??.??"]
[SourceVersionDate "2020.03.16"]
[WhiteTeam "SV Bergneustadt/Derschlag 1"]
[BlackTeam "SC Rochade Emsdetten 1"]

1. d4 Nf6 2. Nf3 g6 3. c4 Bg7 4. Nc3 c5 5. d5 O-O 6. e4 d6 7. Be2 e6 8. O-O a6
9. dxe6 fxe6 10. e5 dxe5 11. Qxd8 Rxd8 12. Nxe5 Nd5 13. cxd5 Bxe5 14. Bg5 Re8
15. Bf3 Bxc3 16. bxc3 Nd7 17. dxe6 Ne5 18. Bd5 Bxe6 19. Bxb7 Rab8 20. Bxa6 Rb6
21. Be2 Rb2 22. Rfe1 Rxa2 23. Rxa2 Bxa2 24. Kf1 c4 25. Bf3 Kg7 26. Bf4 Kf6 27.
Bxe5+ Rxe5 28. Rxe5 Kxe5 29. Ke2 Bb3 30. Ke3 g5 31. g3 Ba4 32. Be4 h6 33. f4+
gxf4+ 34. gxf4+ Kf6 35. Bb7 Bb5 36. Bc8 Be8 37. Kd4 Bf7 38. f5 h5 39. h4 Bg8
40. Be6 Bxe6 41. fxe6 1-0

[Event "SC Rochade Emsdetten 1 - SV Bergneustad"]
[Site "NRW-Liga - Gruppe 1 2019/2020"]
[Date "2020.02.16"]
[Round "6.6"]
[White "Mueller, Achim"]
[Black "Michalik, Friedhelm"]
[Result "1/2-1/2"]
[WhiteElo "2004"]
[BlackElo "2013"]
[PlyCount "138"]
[EventDate "2020.??.??"]
[SourceVersionDate "2020.03.16"]
[WhiteTeam "SC Rochade Emsdetten 1"]
[BlackTeam "SV Bergneustadt/Derschlag 1"]

1. e4 c5 2. Nf3 g6 3. d4 cxd4 4. c3 Bg7 5. cxd4 d5 6. exd5 Nf6 7. Bb5+ Nbd7 8.
d6 exd6 9. Qe2+ Qe7 10. Qxe7+ Kxe7 11. O-O Re8 12. Bf4 d5 13. Nc3 a6 14. Rfe1+
Kf8 15. Rxe8+ Kxe8 16. Ba4 b5 17. Bb3 Nb6 18. Re1+ Be6 19. Be5 Kd7 20. a4 b4
21. a5 Nc4 22. Ba4+ Ke7 23. Na2 Nxb2 24. Bc6 Rc8 25. Bb7 Nd3 26. Bxc8 Nxe1 27.
Bxa6 Nxf3+ 28. gxf3 b3 29. Nc3 Bh6 30. f4 Ne4 31. Na4 Kd7 32. f3 Nd2 33. Bb5+
Kc8 34. Kf2 Nc4 35. a6 Nxe5 36. fxe5 Bc1 37. a7 Kb7 38. Nc5+ Kxa7 39. Nxb3 Bb2
40. Ke3 Kb6 41. Be8 Ba3 42. f4 Be7 43. Nd2 Ka5 44. Nf3 h6 45. Ne1 Kb4 46. Bc6
Kc4 47. Bb7 g5 48. Nf3 gxf4+ 49. Kxf4 Bd8 50. Ke3 Bb6 51. Ba6+ Kc3 52. Bb7 Bd8
53. Bc6 f6 54. exf6 Bxf6 55. Bb7 h5 56. Bc6 Bg7 57. Bb7 Bh6+ 58. Kf2 Kd3 59.
Ba6+ Ke4 60. Bf1 Be3+ 61. Kg3 Bf7 62. Bg2 Bf4+ 63. Kf2 Bg8 64. h4 Be3+ 65. Ke2
Bxd4 66. Ng5+ Kf4 67. Bf3 Bf6 68. Bxh5 d4 69. Bf7 Bxg5 1/2-1/2

[Event "SC Rochade Emsdetten 1 - SV Bergneustad"]
[Site "NRW-Liga - Gruppe 1 2019/2020"]
[Date "2020.02.16"]
[Round "6.7"]
[White "Linnenborn, Guido"]
[Black "Lemli, Thomas"]
[Result "1/2-1/2"]
[WhiteElo "1860"]
[BlackElo "1966"]
[PlyCount "276"]
[EventDate "2020.??.??"]
[SourceVersionDate "2020.03.16"]
[WhiteTeam "SV Bergneustadt/Derschlag 1"]
[BlackTeam "SC Rochade Emsdetten 1"]

1. c4 e6 2. Nc3 d5 3. d4 Be7 4. Nf3 Nf6 5. Bf4 O-O 6. e3 Nbd7 7. cxd5 Nxd5 8.
Nxd5 exd5 9. Bd3 c5 10. O-O c4 11. Bc2 Nf6 12. h3 Be6 13. Ne5 Nd7 14. Nxc4 dxc4
15. d5 Nf6 16. dxe6 fxe6 17. Be5 Qxd1 18. Rfxd1 Rfd8 19. Kf1 Nd5 20. Rd4 Rac8
21. Rad1 Bc5 22. Rg4 Bf8 23. Rgd4 Bc5 24. Rg4 Bf8 25. a3 g6 26. Rgd4 Bc5 27.
R4d2 Be7 28. Be4 Kf7 29. Bxd5 exd5 30. Rxd5 Rxd5 31. Rxd5 Ke6 32. e4 Bc5 33.
Bc3 b6 34. Ke2 Rf8 35. f3 h6 36. Rd1 Rf7 37. g3 g5 38. a4 a6 39. Rd5 Bd6 40.
Kf2 Rb7 41. Rf5 Be7 42. Ke3 b5 43. axb5 axb5 44. f4 b4 45. Bd4 c3 46. Kd3 cxb2
47. Bxb2 Rd7+ 48. Kc2 b3+ 49. Kxb3 Rd3+ 50. Kc4 Rxg3 51. fxg5 hxg5 52. Ra5 Rxh3
53. Ra6+ Kd7 54. Kd5 Rd3+ 55. Bd4 Ba3 56. Ra7+ Kc8 57. Kc6 Kb8 58. Rd7 Kc8 59.
Rc7+ Kd8 60. Bf6+ Ke8 61. Be5 Re3 62. Kd5 g4 63. Ke6 Kd8 64. Ra7 Kc8 65. Rc7+
Kd8 66. Rg7 Kc8 67. Rxg4 Kb7 68. Rg7+ Kc6 69. Rc7+ Kb6 70. Kd5 Rd3+ 71. Kc4 Re3
72. Kd4 Bc5+ 73. Kd5 Bb4 74. Rc4 Kb5 75. Rc8 Re1 76. Rb8+ Ka5 77. Bd4 Rd1 78.
Rc8 Kb5 79. Rc7 Re1 80. Rb7+ Ka4 81. e5 Ba3 82. Ra7+ Kb3 83. Rb7+ Ka4 84. Bf2
Re2 85. Bh4 Rd2+ 86. Ke6 Bb2 87. Be7 Re2 88. Bd6 Ka5 89. Kd5 Ka6 90. Rb3 Ka5
91. e6 Bf6 92. Kc6 Rc2+ 93. Bc5 Ra2 94. Re3 Ka4 95. e7 Bxe7 96. Bxe7 Rc2+ 97.
Bc5 Ra2 98. Rc3 Ra1 99. Kd5 Kb5 100. Rb3+ Ka4 101. Rb8 Rd1+ 102. Bd4 Rc1 103.
Bb2 Rc2 104. Kd4 Rc6 105. Bc3 Rc7 106. Rb4+ Ka3 107. Kd3 Rd7+ 108. Kc2 Rh7 109.
Rb8 Ka4 110. Be5 Rh5 111. Bd4 Rh3 112. Kd2 Ka5 113. Be3 Ka6 114. Kd3 Rh4 115.
Bd4 Rh1 116. Kc4 Rc1+ 117. Bc3 Rh1 118. Rb2 Rh7 119. Bd4 Rh1 120. Rb6+ Ka5 121.
Rb5+ Ka6 122. Rb2 Rc1+ 123. Bc3 Rh1 124. Kd5 Rh5+ 125. Be5 Rh1 126. Bd6 Ka5
127. Kc6 Ka4 128. Rb4+ Ka5 129. Rc4 Rh6 130. Rc3 Rh4 131. Ra3+ Ra4 132. Bc7+
Kb4 133. Bd6+ Ka5 134. Rb3 Rh4 135. Ra3+ Ra4 136. Rh3 Rg4 137. Rb3 Rc4+ 138.
Bc5 Rg4 1/2-1/2